| Tag |
First Indicator |
Second Indicator |
Subfields |
| LEADER |
00000cam a2200000 a 4500 |
| 001 |
in00000952113 |
| 005 |
20150925170705.0 |
| 007 |
hd afv|||baca |
| 007 |
hd bfv|||baaa |
| 008 |
860122r19721682miu a 00010 eng d |
| 019 |
|
|
|a 12990837
|
| 035 |
|
|
|a (OCoLC)13049827
|
| 035 |
|
|
|9 AET0456AM
|
| 037 |
|
|
|a CL0037000012
|b University Microfilms International
|
| 037 |
|
|
|a CL0037000021
|b University Microfilms International
|
| 037 |
|
|
|b University Microfilms International, 300 N. Zeeb Rd., Ann Arbor, MI 48106
|
| 040 |
|
|
|a EAA
|c EAA
|d m/c
|d OCL
|d UMI
|d UtOrBLW
|
| 043 |
|
|
|a e-ie---
|
| 049 |
|
|
|a TXAI
|
| 090 |
|
|
|a DA943
|b .O75 1682
|
| 099 |
|
|
|a film
|a B
|a 3609
|
| 100 |
1 |
|
|a Ormonde, James Butler,
|c Duke of,
|d 1610-1688.
|
| 245 |
1 |
2 |
|a A letter from His Grace James, Duke of Ormond, Lord Lieutenant of Ireland, in answer to the Right Honourable Arthur, Earl of Anglesey, Lord Privy-Seal, his observations and reflections upon the Earl of Castlehaven's Memoires concerning the rebellion of Ireland :
|b printed from the original, with an answer to it by the Right Honourable the Earl of Anglesey.
|
| 264 |
|
3 |
|a London :
|b Printed for R. Baldwin,
|c MDCLXXXII [1682]
|
| 300 |
|
|
|a 4 pages
|
| 336 |
|
|
|a text
|b txt
|2 rdacontent
|
| 337 |
|
|
|a microform
|b h
|2 rdamedia
|
| 338 |
|
|
|a microfilm reel
|b hd
|2 rdacarrier
|
| 500 |
|
|
|a Bound and filmed with Wing A3172: A letter from the Right Honourable Arthur, Earl of Anglesey, Lord Privy-Seal, in answer to his Grace the Duke of Ormond's letter of November the 12th. 1681 ... London : Printed for N.P., 1682. Wing A3172 is also filmed and cataloged separately at reel 444:17.
|
| 500 |
|
|
|a Reproduction of original in Huntington Library.
|
| 510 |
4 |
|
|a Wing
|c O448
|
| 533 |
|
|
|a Microfilm.
|b Ann Arbor, Mich. :
|c University Microfilms,
|d 1972, 1977.
|e 1 microfilm reel ; 35 mm.
|f (Early English books, 1641-1700 ; 406:10, 724:25)
|
| 500 |
|
|
|a Microform.
|
| 600 |
1 |
0 |
|a Anglesey, Arthur Annesley,
|c Earl of,
|d 1614-1686.
|t Letter from a person of honour in the contrey written to the Earl of Castlehaven, being observations and reflections upon His Lordship's Memoires.
|
| 600 |
1 |
0 |
|a Castlehaven, James Touchet,
|c Earl of,
|d 1617?-1684.
|t Memoires.
|
| 651 |
|
0 |
|a Ireland
|x History
|y 1625-1649
|x Sources.
|
| 651 |
|
0 |
|a Ireland
|x History
|y Rebellion of 1641
|x Sources.
|
| 651 |
|
0 |
|a Ireland
|x History
|y 1649-1660
|x Sources.
|
| 830 |
|
0 |
|a Early English books, 1641-1700 ;
|v 406:10.
|
| 830 |
|
0 |
|a Early English books, 1641-1700 ;
|v 724:25.
|
| 999 |
|
|
|a MARS
|
| 999 |
f |
f |
|s cce92b40-5795-34ac-9314-c8261eae7020
|i 5730105c-d880-32fa-a122-25a1ef575f8f
|t 0
|
| 952 |
f |
f |
|p default
|a Texas A&M University
|b College Station
|c Sterling C. Evans Library
|d Evans: Microforms (3rd floor)
|t 0
|e film B 3609 724:25
|h Other scheme
|i microform -- microfilm reel
|
| 952 |
f |
f |
|p default
|a Texas A&M University
|b College Station
|c Sterling C. Evans Library
|d Evans: Microforms (3rd floor)
|t 0
|e film B 3609 406:10
|h Other scheme
|i microform -- microfilm reel
|
| 998 |
f |
f |
|a film B 3609 724:25
|t 0
|l Evans: Microforms (3rd floor)
|
| 998 |
f |
f |
|a film B 3609 406:10
|t 0
|l Evans: Microforms (3rd floor)
|